Basic Pharmacology for Nurses (Record no. 154721)
[ view plain ]
| 000 -LEADER | |
|---|---|
| fixed length control field | 00404nam a2200145Ia 4500 |
| 008 - FIXED-LENGTH DATA ELEMENTS--GENERAL INFORMATION | |
| fixed length control field | 230411s9999 xx 000 0 und d |
| 020 ## - INTERNATIONAL STANDARD BOOK NUMBER | |
| International Standard Book Number | 0-323-03559-0 |
| 041 ## - LANGUAGE CODE | |
| Language code of text/sound track or separate title | eng |
| 082 ## - DEWEY DECIMAL CLASSIFICATION NUMBER | |
| Classification number | PH/615.1/CLA/STO/B03939 |
| 100 ## - MAIN ENTRY--PERSONAL NAME | |
| Personal name | Clayton Bruce & Stock Yvonne |
| 9 (RLIN) | 178017 |
| 245 ## - TITLE STATEMENT | |
| Title | Basic Pharmacology for Nurses |
| 260 ## - PUBLICATION, DISTRIBUTION, ETC. (IMPRINT) | |
| Name of publisher, distributor, etc. | Mosby Elsevier |
| Place of publication, distribution, etc. | Philadelphia |
| Date of publication, distribution, etc. | 2006 |
| 300 ## - PHYSICAL DESCRIPTION | |
| Extent | 902p |
| Withdrawn status | Lost status | Damaged status | Not for loan | Collection code | Home library | Current library | Date acquired | Vendor | Cost, normal purchase price | Bill number | Total Checkouts | Full call number | Barcode | Date last seen | Cost, replacement price | Bill Date | Koha item type | Original Barcode |
|---|---|---|---|---|---|---|---|---|---|---|---|---|---|---|---|---|---|---|
| Smt. Bakul Tambat Institute of Nursing Education | Smt. Bakul Tambat Institute of Nursing Education | 22/02/2007 | B.J.Medical Co-oprative College Stores | 2577.00 | 1025 | PH 615.1 CLA STO B03939 | BTIN-BK-3939 | 11/04/2023 | 1881.00 | 22/02/2007 | Books | B03939 |